Encyclopaedia of media economics (Record no. 3827)
[ view plain ]
| 000 -LEADER | |
|---|---|
| fixed length control field | 00402nam a22001577a 4500 |
| 003 - CONTROL NUMBER IDENTIFIER | |
| control field | Nust |
| 005 - DATE AND TIME OF LATEST TRANSACTION | |
| control field | 20170105101226.0 |
| 008 - FIXED-LENGTH DATA ELEMENTS--GENERAL INFORMATION | |
| fixed length control field | 161208b xxu||||| |||| 00| 0 eng d |
| 040 ## - CATALOGING SOURCE | |
| Original cataloging agency | S3H |
| Transcribing agency | 0 |
| 082 ## - DEWEY DECIMAL CLASSIFICATION NUMBER | |
| Edition number | 338.47302 |
| 100 ## - MAIN ENTRY--PERSONAL NAME | |
| Relator code | Hemant Sharma |
| 245 ## - TITLE STATEMENT | |
| Title | Encyclopaedia of media economics |
| Remainder of title | text and cases |
| 260 ## - PUBLICATION, DISTRIBUTION, ETC. | |
| Place of publication, distribution, etc. | New Delhi |
| Name of publisher, distributor, etc. | Cybertech publications |
| Date of publication, distribution, etc. | 2011 |
| 300 ## - PHYSICAL DESCRIPTION | |
| Extent | 240p |
| 942 ## - ADDED ENTRY ELEMENTS (KOHA) | |
| Source of classification or shelving scheme | |
| Koha item type | Book |
| Withdrawn status | Lost status | Source of classification or shelving scheme | Damaged status | Not for loan | Collection code | Permanent Location | Current Location | Shelving location | Date acquired | Full call number | Barcode | Date last seen | Price effective from | Koha item type | Total Checkouts |
|---|---|---|---|---|---|---|---|---|---|---|---|---|---|---|---|
| Central Library (CL) | Central Library (CL) | Reference | 12/08/2016 | 338.4730223 SHA | S3H-S-409 | 12/08/2016 | 12/08/2016 | Reference | |||||||
| Central Library (CL) | Central Library (CL) | Reference | 12/08/2016 | 338.4730223 SHA | S3H-S-454 | 12/08/2016 | 12/08/2016 | Book |
